A szövetkezeti vezetés kérdései a fogyasztási szövetkezetek gyakorlatában
Elmentve itt :
| Szerző: | |
|---|---|
| Testületi szerző: | |
| Dokumentumtípus: | Könyv része |
| Megjelent: |
1979
|
| Sorozat: | A Szegedi József Attila Tudományegyetem Állam- és Jogtudományi Kar Mezőgazdasági és Munkajogi Tanszékének Kiadványai
4 A mezőgazdasági termelőszövetkezetek belső viszonyainak jogi szabályozása és annak továbbfejlesztése : nemzetközi tudományos konferencia : Szeged, 1979. november 29-30. 4 |
| Kulcsszavak: | Fogyasztási szövetkezet, Vezetéselmélet, Szövetkezeti jog |
| Tárgyszavak: | |
| Online Access: | http://acta.bibl.u-szeged.hu/44680 |
| LEADER | 01089naa a2200217 i 4500 | ||
|---|---|---|---|
| 001 | acta44680 | ||
| 005 | 20211130120626.0 | ||
| 008 | 170404s1979 hu o 0|| hun d | ||
| 040 | |a SZTE Egyetemi Kiadványok Repozitórium |b hun | ||
| 041 | |a hun | ||
| 100 | 1 | |a Szabó Lajos | |
| 245 | 1 | 2 | |a A szövetkezeti vezetés kérdései a fogyasztási szövetkezetek gyakorlatában |h [elektronikus dokumentum] / |c Szabó Lajos |
| 260 | |c 1979 | ||
| 300 | |a 172-176 | ||
| 490 | 0 | |a A Szegedi József Attila Tudományegyetem Állam- és Jogtudományi Kar Mezőgazdasági és Munkajogi Tanszékének Kiadványai |v 4 | |
| 490 | 0 | |a A mezőgazdasági termelőszövetkezetek belső viszonyainak jogi szabályozása és annak továbbfejlesztése : nemzetközi tudományos konferencia : Szeged, 1979. november 29-30. |v 4 | |
| 650 | 4 | |a Társadalomtudományok | |
| 650 | 4 | |a Jogtudomány | |
| 695 | |a Fogyasztási szövetkezet, Vezetéselmélet, Szövetkezeti jog | ||
| 710 | |a Nemzetközi tudományos konferencia (1979) (Szeged) | ||
| 856 | 4 | 0 | |u http://acta.bibl.u-szeged.hu/44680/1/mezgazjog_004_172-176.pdf |z Dokumentum-elérés |